Vicente Medina y el otro 98 / (Record no. 92745)

MARC details
000 -LEADER
campo de control de longitud fija 00886nam a2200217 i 4500
001 - NÚMERO DE CONTROL
campo de control 92745
003 - IDENTIFICADOR DE NÚMERO DE CONTROL
campo de control ES-MaACL
005 - FECHA Y HORA DE LA ÚLTIMA TRANSACCIÓN
campo de control 20230906181040.0
007 - CAMPO FIJO DE DESCRIPCIÓN FÍSICA--INFORMACIÓN GENERAL
campo de control de longitud fija t|
008 - DATOS DE LONGITUD FIJA--INFORMACIÓN GENERAL
campo de control de longitud fija 050426s1961 sp ||||1| spa d
080 ## - NÚMERO DE LA CLASIFICACIÓN DECIMAL UNIVERSAL
Número de la Clasificación Decimal Universal 821.134.2 Medina, Vicente 1.06
100 1# - ENTRADA PRINCIPAL--NOMBRE DE PERSONA
Nombre de persona García Morales, Justo,
Fechas asociadas al nombre 1914-1998
9 (RLIN) 54988
245 10 - MENCIÓN DEL TÍTULO
Título Vicente Medina y el otro 98 /
Mención de responsabilidad, etc. por Justo García Morales.
260 ## - PUBLICACIÓN, DISTRIBUCIÓN, ETC.
Lugar de publicación, distribución, etc. Murcia :
Nombre del editor, distribuidor, etc. [s.n.],
Fecha de publicación, distribución, etc. 1961 (
Fabricante Sucesores de Nogués)
300 ## - DESCRIPCIÓN FÍSICA
Extensión 28 p. ;
Dimensiones 24 cm.
594 ## - Nota al título y mención de responsabilidad
Nota al título y mención de responsabilidad Precede al tít.: Academia Alfonso X el Sabio. Primera Semana de Estudios Murcianos.
595 ## -
-- Tirada aparte de: Primera Semana de Estudios Murcianos. Secciones de Historia, Literatura y Derecho, v. 1, p. 111-134.
600 14 - PUNTO DE ACCESO ADICIONAL DE MATERIA--NOMBRE DE PERSONA
Nombre de persona Medina, Vicente-
Subdivisión general Crítica e interpretación.
9 (RLIN) 79719
852 ## - LOCALIZACIÓN
Ubicación ES-MaACL
Número de control de estantería 2187-F-16
Nota libre - Donat. Ernesto García Camarero
Holdings
Estatus retirado Estado de pérdida Estado de daño No para préstamo Colección Biblioteca de origen Biblioteca actual Ubicación en estantería Fecha de adquisición Fuente de adquisición Total de préstamos Signatura topográfica completa Código de barras Visto por última vez Precio de reemplazo Tipo de ítem Koha
        Colección de folletos Biblioteca del Ateneo de Madrid Biblioteca del Ateneo de Madrid Depósito folletos 17/01/2008     2187-F-16 1096819 23/02/2023 23/02/2023 Folleto